00811nam a2200229Ii 45000010005000000030009000050080041000140200015000550400033000700410008001030840012001111000040001232450086001632640039002493000012002883360026003003370028003263380027003549400050003819990017004319520133004489730CO-ViMGA241108s9999||||xx |||||||||||||| ||und|| a958070158X aCO-ViMGAbspaerdacCO-ViMGA0 aspa aN ROD7h1 aHernán Rodríguez Castelo94784210aHistoria del niño que era rey y quería casarce con la niña que no era reina 1aBogotá, Colombia : Susaeta, 1993 avolumen atextbtxt2rdacontent aunmediatedbn2rdamedia avolumebnc2rdacarrier aidficha_siabuc: 9514. -- ficha_no_siabuc:9730 c42457d42457 001040708012aMEVIGERRbMEVIGERRcLITd2006-11-27oN ROD7hpECA10249r2024-11-26 09:06:26tEj.1w2024-11-26yBKz9514 | 13064